Statistics for Last 18 Brownlow Medallists in the AFL

Click here to take the quiz!

General Stats

  • This quiz has been taken 243 times
  • The average score is 15 of 18

Answer Stats

YearAnswer% Correct
2017Dustin Martin
96%
2015Nat Fyfe
95%
2016Patrick Dangerfield
93%
2009Gary Ablett Jr
91%
2013Gary Ablett Jr
91%
2018Tom Mitchell
91%
2012Trent Cotchin/Sam Mitchell
90%
2003Mark Ricciuto/Nathan Buckley/Adam Goodes
88%
2014Matt Priddis
85%
2010Chris Judd
84%
2004Chris Judd
84%
2006Adam Goodes
82%
2011Dane Swan
79%
2008Adam Cooney
72%
2005Ben Cousins
71%
2007Jimmy Bartel
71%
2002Simon Black
68%
2001Jason Akermanis
65%

Score Distribution

Percentile by Number Answered

Percent of People with Each Score

Your Score History

You have not taken this quiz